000 01354cam a22002775a 4500
001 L139793
008 070808e20070717xxkd f 000 0 eng d
035 _a(Sirsi) u139793
041 0 _aeng
050 0 4 _a333.72
100 1 _aDixon, Tim
245 0 2 _aA green profession?
_bRICS members and the sustainability agenda
_h[electronic resource]
260 _aLondon
_bRICS
_c2007
520 _aPresents research based on a major survey of 47 000 RICS members. Telephone interviews were conducted, and case studies undertaken across three major regions. Finds that property professionals consider sustainability issues highly relevant in their professional work. There is a variety of tools for sustainability used by RICS members globally. Most respondents feel that RICS has been effective in providing useful information. Addresses what barriers remain and how they can be broken down.
590 _aKA
651 4 _aEurope
690 _aABOUT RICS-STRUCTURE AND GOVERNANCE-POLICY
690 _aENVIRONMENTAL AND LAND CONSULTANCY-SUSTAINABILITY
700 1 _aColantonio, Andrew
700 1 _aShears, David
700 1 _aGallimore, Paul
700 1 _aReed, Richard
700 1 _aWilkinson, Sara
856 4 0 _uhttps://www.rics.org/Global/Downloads/AGreenProfession200706.pdf
_zView the item free of charge at www.rics.org...
942 _n0
999 _c107351
_d107351